00589nam a2200133Ia 4500008004100000100002900041245010700070260008400177300001800261650001400279856007000293999001900363952007300382160712s9999 xx 000 0 und d aCampoamor II, Gonzalo A. cGonzalo A. Campoamor IIaMga Tala hinggil sa Papel ng Tunggalian sa Pilosopiya ng Wika at Araling Wika c2015bLagda: Journal ng U.P. Departamento ng Filipino at Panitikan ng Pilipinas avol. 10 no. 1 xPANITIKAN uhttp://journals.upd.edu.ph/index.php/lagda/issue/view/545/showToc c297094d297094 001040aCLbCLd2016-07-12l0r2016-07-12 00:00:00w2016-07-12yFEJ